000 00686nam a22002177a 4500
003 DO-SdBNP
005 20220215092230.0
007 ta
008 220204b2018 dr ||||| |||| 00| 0 spa d
020 _a9789945091250
040 _aDO-SdBNP
_bspa
_cBNPHU
082 4 _222
_bS211do
100 _926611
_aSánchez, Federico
245 1 0 _aDossier de opiniones :
_bcoyunturales y discretas /
_cFederico Sánchez.
260 _aSanto Domingo :
_bTalleres Gráficos V. Centenario,
_c2018.
300 _a305 p. :
_bil. ;
_c20 cm.
590 _aInventariado, 2022 /LP
590 _aLa biblioteca posee 1 ejemplar autografiado por el autor.
910 _aLopérez.
942 _2ddc
_cLBS1
999 _c51346
_d51346